| 000 | 00934nam a2200265Ia 4500 | ||
|---|---|---|---|
| 008 | 130821s1997 sp a gr spa | ||
| 020 | _a8479782943 | ||
| 040 |
_aCo-BoUCM _bspa |
||
| 041 | 0 | 0 | _aspa |
| 060 | 0 | _aWK 100 | |
| 245 | 0 | 0 |
_aTratado de endocrinología pediátrica _cM.Pombo Arias, editor ; J. Argemí Renom ... [et al.], co-editores ; J. André ... [et al.] |
| 250 | _a2a. ed. | ||
| 260 |
_aMadrid (España) _bEdiciones Díaz de Santos _c1997 |
||
| 300 |
_axxiv, 1392 páginas _bilustraciones |
||
| 504 | _aIncluye bibliografía e índice. | ||
| 650 | 0 | 4 |
_aEndocrinología _9183 |
| 650 | 0 | 4 |
_aEnfermedades de las glándulas endocrinas _914318 |
| 650 | 0 | 4 |
_aHormonas _917030 |
| 650 | 0 | 4 |
_aTiroides _925481 |
| 700 | 1 |
_aAndré, J. _9165886 |
|
| 700 | 1 |
_aArgemí Renom, J. _9165887 |
|
| 700 | 1 |
_aAudí Parera, L. _9165888 |
|
| 700 | 1 |
_aPombo Arias, M. _eed. _9165889 |
|
| 942 |
_cLIBRO _a15 _e2 _mT776 _2NLM _hWK 100 _n0 |
||
| 999 |
_c63746 _d63746 |
||